01369nab a2200385 a 450000100060000000300080000600500170001400600190003100700150005000800410006502200270010603500210013304000260015405000240018008000220020410000340022622200120026024501260027226000340039830000140043236200440044653301640049065000140065465000280066865000430069665000140073965000250075365000190077865000250079765000350082265500320085771000190088974000130090885600620092145229FlNmELB20241216231700.0m o d | cr cn|||||||||200701r20022006mx |||||s|||||||||||spa d a1665-1219z166512-1970 a(OCoLC)955362329 aFlNmELBbspacFlNmELB 4aHF1359bE776 2002eb a339.175:338.124.41 aEspinosa Martínez, Eugenio. 0aAportes13aEl Mercosur y la actual crisis internacionalh[recurso electronico]bescenarios de futuro /cEugenio Espinosa Martínez. aPuebla :bRed Aportes,c2002. a91-106 p.0 aVol. VII, Núm. 019 (Enero-Abr. 2002)- aRecurso electrónico. Santa Fe, Arg.: e-libro, 2015. Disponible vía World Wide Web. El acceso puede estar limitado para las bibliotecas afiliadas a e-libro. 4aComercio. 4aComercio internacional. 4aSistemas económicos internacionales. 4aMercados. 4aDepresion economica. 0aGlobalization. 0aInternational trade. 0aGlobalizationxSocial aspects. 4aArtículos electrónicos.2 ae-libro, Corp.02aAportes.40uhttps://elibro.net/ereader/politecnicointernacional/23841